000
00218nam a2200097Ia 4500
008
240331s9999 xx 000 0 und d
082
_b
GEE
100
_a
Geetha, V
245
0
_a
Auvapothuparitha akkarai pookal
942
_c
L
999
_c
3710
_d
3710